[Event "FIN-chT 9596"]
[Site "FIN"]
[Date "1996.??.??"]
[Round "10"]
[White "Salo, Heikki"]
[Black "Kivimaki, Jaakko"]
[Result "1-0"]
[WhiteElo "2255"]
[BlackElo "2290"]

1.d4 d5 2.c4 dxc4 3.Nf3 c5 4.e3 cxd4 5.Bxc4 Qc7 6.Qb3 e6 7.exd4 Nc6 8.Nc3 a6
9.Be2 Nf6 10.O-O Be7 11.Be3 O-O 12.Rac1 Rd8 13.Rfd1 Na5 14.Qc2 Bd7 15.Qb1 Nc6
16.Na4 Be8 17.Nc5 Rac8 18.a3 Qb8 19.b4 Na7 20.Ne5 Nb5 21.a4 Nc7 22.Qb3 Ncd5
23.Bg5 a5 24.Ned3 axb4 25.Bf3 Nc3 26.Re1 Rxd4 27.Be3 Ng4 28.Rxc3 Qxh2+ 29.Kf1 Rxd3
30.Rxd3 Nxe3+ 31.Rdxe3 Bxc5 32.Rxe6 Bxa4 33.Qxa4 fxe6 34.Qd7 Qc7 35.Qxe6+ Kh8
36.Qd5 b6 37.g3 Rf8 38.Kg2 Qa7 39.Rh1 h6 40.Qe4 Qa2 41.Rxh6+ Kg8 42.Qh7+ Kf7
43.Qf5+ Ke7 44.Qe5+ Kd7 45.Bg4+ Kd8 46.Qb8+ Ke7 47.Qc7+  1-0

[Event "Geneve op"]
[Site "Geneve"]
[Date "1996.??.??"]
[Round "6"]
[White "Maksimenko, Andrei"]
[Black "Zelcic, Robert"]
[Result "0-1"]
[WhiteElo "2545"]
[BlackElo "2495"]

1.Nf3 d5 2.d4 c5 3.c4 dxc4 4.d5 Nf6 5.Nc3 e6 6.e4 exd5 7.e5 Nfd7 8.Bg5 Be7
9.Bxe7 Qxe7 10.Nxd5 Qd8 11.Qc2 O-O 12.O-O-O Nc6 13.Qe4 Re8 14.Bxc4 Ndxe5
15.Bb5 Bd7 16.Qf4 Nxf3 17.gxf3 Nd4 18.Bd3 Bf5 19.Bc4 Qxd5  0-1

[Event "NRW-Liga I 9596"]
[Site "Germany"]
[Date "1996.??.??"]
[Round "?"]
[White "Scheffner, Axel"]
[Black "Brenke, Andreas"]
[Result "1/2-1/2"]
[WhiteElo "2300"]
[BlackElo "2280"]

1.d4 d5 2.c4 dxc4 3.Nf3 a6 4.a4 Nf6 5.e3 e6 6.Bxc4 c5 7.O-O Nc6 8.Nc3 Qc7
9.Qe2 Be7 10.b3 O-O 11.Bb2 b6 12.d5 exd5 13.Nxd5 Nxd5 14.Bxd5 Bb7 15.Bc3 Nb4
16.Bxb7 Qxb7 17.Bxb4  1/2-1/2

[Event "BL2-O9596"]
[Site "Germany"]
[Date "1996.??.??"]
[Round "?"]
[White "Kunze, Carlo"]
[Black "Malich, Burkhard"]
[Result "1/2-1/2"]
[WhiteElo "2330"]
[BlackElo "2385"]

1.d4 d5 2.c4 dxc4 3.Nf3 a6 4.a4 Nf6 5.e3 Bg4 6.Bxc4 e6 7.Nbd2 Nc6 8.O-O Be7
9.h3 Bh5 10.b3 O-O 11.Bb2 Na5 12.Bd3 c5 13.Qb1 cxd4 14.Nxd4 Bg6 15.Bxg6 hxg6
16.N2f3 Qb6 17.Bc3 Bb4 18.Bxb4 Qxb4 19.Qe1 Qxe1 20.Rfxe1 Rac8 21.Rac1 Nd5
22.Ne5 Rfd8 23.Nd3 Ne7 24.Rxc8 Rxc8 25.Rc1 Rxc1+ 26.Nxc1 e5 27.Nc2 f6 28.Kf1  1/2-1/2

[Event "Gistrup"]
[Site "Gistrup"]
[Date "1996.??.??"]
[Round "3"]
[White "Aleksandrov, Aleksej"]
[Black "Yakovich, Yuri"]
[Result "1/2-1/2"]
[WhiteElo "2550"]
[BlackElo "2530"]

1.d4 d5 2.c4 dxc4 3.Nf3 a6 4.e3 e6 5.Bxc4 c5 6.O-O Nf6 7.b3 cxd4 8.Nxd4 Bd7
9.Bb2 Nc6 10.Nd2 Be7 11.Be2 O-O 12.Nc4 Rc8 13.a4 Bc5 14.Bf3 Qe7 15.Qe2 Rfd8
16.Rfd1 Nd5 17.Nf5 exf5 18.Bxd5 Be6 19.Qf3 Qg5 20.Rab1 h6 21.h3 Bxd5 22.Rxd5 Rxd5
23.Qxd5 f4 24.Qxg5 hxg5 25.exf4 gxf4 26.Nd2 Bd4 27.Nf3 Bxb2 28.Rxb2 Rd8 29.Kf1 Kf8
30.h4 Rd5 31.Ke2 Nd4+ 32.Nxd4 Rxd4 33.Rc2 Rb4 34.Rc3 Ke7 35.Kf3 Kf6 36.Kg4 f3+
37.Kxf3 Rxh4 38.Ke2 Rb4 39.Kd2 Ke5 40.Kc2 g6 41.Rc7 Rf4 42.f3 b6 43.Kc3 Kd5
44.b4 a5 45.bxa5 bxa5 46.Kb3 Rf5 47.Kc3 Rf4 48.Kb3  1/2-1/2

[Event "Koop Tjuchem op"]
[Site "Groningen"]
[Date "1996.??.??"]
[Round "4"]
[White "Lelchuk, Zoja"]
[Black "Cifuentes Parada, Roberto"]
[Result "0-1"]
[WhiteElo "2350"]
[BlackElo "2500"]

1.d4 d5 2.c4 dxc4 3.Nf3 c5 4.e4 Nf6 5.Nc3 cxd4 6.Qxd4 Qxd4 7.Nxd4 e5 8.Ndb5 Kd8
9.f4 a6 10.fxe5 Nxe4 11.Nxe4 axb5 12.Bg5+ Kc7 13.O-O-O Bg4 14.Rd8 Rxa2 15.Nd6 Ra1+
16.Kd2 f6 17.Be2 Rxh1 18.Bxg4 Kxd8 19.exf6 gxf6 20.Bxf6+ Be7  0-1

[Event "Helsinki sim"]
[Site "Helsinki"]
[Date "1996.??.??"]
[Round "2"]
[White "Karpov, Anatoly"]
[Black "Pyhala, Antti"]
[Result "1/2-1/2"]
[WhiteElo "2770"]
[BlackElo "2330"]

1.d4 d5 2.c4 dxc4 3.Nf3 a6 4.e3 Bg4 5.Bxc4 e6 6.O-O Nc6 7.h3 Bh5 8.Be2 Bd6
9.b3 Qe7 10.Bb2 Nf6 11.Nbd2 e5 12.Nc4 e4 13.Nfe5 Bxe2 14.Qxe2 Nb4 15.Ba3 Nbd5
16.Nxd6+ cxd6 17.Nc4 Rd8 18.Rac1 O-O 19.Na5 Rc8 20.Qd2 Rfd8 21.Rxc8 Rxc8
22.Rc1 Rd8 23.Qd1 h5 24.Rc2 Qd7 25.Nc4 b5 26.Na5 b4 27.Bb2 Rc8 28.Qc1 Rxc2
29.Qxc2 Qc7 30.Qxc7 Nxc7 31.Nc6 Nfd5 32.a3 bxa3 33.Bxa3 Nb5 34.Bc1 f5 35.Bd2 Kf7
36.Kf1 Ke6 37.Ke2 g5 38.f3 g4 39.fxe4 fxe4 40.hxg4 hxg4 41.Kf2 Kf5 42.Nb8 Nbc7
43.Ba5 Kg5 44.Ke2 g3  1/2-1/2

[Event "HUN-chT1 9596"]
[Site "HUN"]
[Date "1996.??.??"]
[Round "7"]
[White "Eperjesi, Laszlo"]
[Black "Szakolczai, Peter"]
[Result "1-0"]
[WhiteElo "2350"]
[BlackElo "2225"]

1.d4 d5 2.c4 dxc4 3.Nf3 c5 4.e3 e6 5.Bxc4 Nf6 6.O-O cxd4 7.exd4 Be7 8.Nc3 O-O
9.a3 a6 10.Qd3 b5 11.Ba2 Bb7 12.Rd1 Nbd7 13.Bg5 h6 14.Bh4 Qb6 15.Rac1 Rad8
16.Qe2 Rfe8 17.h3 Nf8 18.Qe3 Bxf3 19.gxf3 Ng6 20.Bg3 Nh5 21.Ne2 Rd7 22.Qe4 Nxg3
23.fxg3 Rd6 24.f4 Red8 25.Rd3 Bf6 26.Rcd1 Qa7 27.Kg2 Ne7 28.g4 Nd5 29.Bb1 Qa8
30.Rf3 Nb6 31.Qh7+ Kf8 32.Be4 Qb8 33.g5 Bxd4 34.Rxd4  1-0

[Event "HUN-chT1 9596"]
[Site "HUN"]
[Date "1996.??.??"]
[Round "9"]
[White "Peredy, Ferenc"]
[Black "Nemeth, Zoltan"]
[Result "1/2-1/2"]
[WhiteElo "2230"]
[BlackElo "2380"]

1.d4 d5 2.c4 dxc4 3.Nf3 c5 4.e4 cxd4 5.Qxd4 Qxd4 6.Nxd4 Nf6 7.Nc3 e5 8.Ndb5 Kd8
9.Bxc4 a6 10.Na3 b5 11.Bd5 Ra7 12.Nc2 b4 13.Na4 Nxd5 14.exd5 Rc7 15.Ne3 Bd7
16.Nb6 Bb5 17.b3 Bc5 18.Nbc4 Bxc4 19.Nxc4 Rd7 20.Bb2 Rxd5 21.Bxe5 Nd7 22.Rd1 Rxd1+
23.Kxd1 Nxe5 24.Nxe5 Kc7 25.Nd3 Bd6 26.Re1 Rd8 27.Kc2 Kc6 28.Re4 a5 29.h3 Kd5
30.Rh4 Rc8+ 31.Kd2 h6 32.Rh5+ Kd4 33.Rh4+ Kd5 34.Rh5+ Kd4 35.Rh4+ Kd5  1/2-1/2

[Event "HUN-chT1 9596"]
[Site "HUN"]
[Date "1996.??.??"]
[Round "10"]
[White "Csiszar, Csaba"]
[Black "Karolyi, Tibor Jr"]
[Result "0-1"]
[WhiteElo "2380"]
[BlackElo "2385"]

1.d4 d5 2.Nf3 c5 3.c4 dxc4 4.e3 cxd4 5.exd4 Be6 6.Nc3 Nf6 7.Ne5 Nc6 8.Qa4 Qa5
9.Qxa5 Nxa5 10.Nb5 Nd5 11.Nxc4 Nxc4 12.Bxc4 Rc8 13.Bxd5 Bxd5 14.Bf4 Bxg2
15.Rg1 Be4 16.Nxa7 Rc2 17.Rc1 Rxb2 18.Rc8+ Kd7 19.Rg3 e5 20.Bc1 Rxa2 21.Rgc3 Rxa7
22.R3c7+ Ke6 23.Re8+ Kf6 24.dxe5+ Kg6 25.Kd1 Bd6  0-1

[Event "HUN-chT1 9697"]
[Site "Hungary"]
[Date "1996.??.??"]
[Round "5"]
[White "Pinter, Jozsef"]
[Black "Kallai, Gabor"]
[Result "0-1"]
[WhiteElo "2560"]
[BlackElo "2495"]

1.d4 d5 2.c4 dxc4 3.Nf3 c5 4.e3 cxd4 5.Bxc4 Qc7 6.Qb3 e6 7.exd4 Nc6 8.Nc3 a6
9.Be2 Nf6 10.Be3 Bd6 11.Rc1 O-O 12.O-O Bf4 13.Rfd1 Bd7 14.Na4 Rfd8 15.g3 Bxe3
16.fxe3 Be8 17.Bf1 Qe7 18.Nb6 Rab8 19.a3 e5 20.d5 e4 21.dxc6 bxc6 22.Nd2 Nd7
23.Rxc6 Nc5 24.Rxc5 Qxc5 25.Nxe4 Qc7  0-1

[Event "ISR-chT"]
[Site "Israel"]
[Date "1996.??.??"]
[Round "8"]
[White "Blodstein, Boris"]
[Black "Afek, Yochanan"]
[Result "1/2-1/2"]
[WhiteElo "2195"]
[BlackElo "2395"]

1.d4 d5 2.c4 dxc4 3.Nf3 c5 4.d5 e6 5.Nc3 exd5 6.Qxd5 Qxd5 7.Nxd5 Na6 8.e4 Nf6
9.Bxc4 Nxd5 10.exd5 Bd6 11.O-O Nc7 12.Re1+ Kf8 13.a4 Bf5 14.b3 f6 15.Ba3 Rd8
16.Nd2 b6 17.Nf1 Be5 18.Rad1 Bc2 19.Rc1 Bg6 20.Rcd1 Bd6 21.g3 a6 22.Ne3 Kf7
23.f4 b5 24.Bf1 Rhe8 25.f5 Bh5 26.g4 Rxe3 27.Rxe3 Bxg4 28.Be2 Bxf5 29.Bf3 b4
30.Bb2 Bc2 31.Rde1 Rd7 32.Bg4 f5 33.Bh5+ g6 34.Be2 c4 35.Bxc4 Kf8 36.Bd4 Be4
37.Rxe4 fxe4 38.Rxe4 Be7 39.Kg2 a5 40.Bb6 Nxd5 41.Bxa5 Nf6 42.Rf4 g5 43.Rf5 Rd2+
44.Rf2 Rxf2+ 45.Kxf2 Bc5+ 46.Kf3 Bd6 47.h3 h5 48.Bd8 g4+ 49.hxg4 hxg4+ 50.Kg2 Nh5
51.Bg5 Nf4+ 52.Kg3 Ne6+ 53.Kxg4 Nxg5 54.Kxg5 Ke7  1/2-1/2

[Event "Kassel op"]
[Site "Kassel"]
[Date "1996.??.??"]
[Round "6"]
[White "Cohrs, Christopher"]
[Black "Krallmann, Matthias"]
[Result "0-1"]
[WhiteElo "2255"]
[BlackElo "2240"]

1.d4 d5 2.c4 dxc4 3.Nf3 a6 4.e3 Nf6 5.Bxc4 e6 6.O-O c5 7.Qe2 b5 8.Bb3 Bb7
9.Rd1 Nbd7 10.Nc3 Qb6 11.d5 Nxd5 12.Nxd5 exd5 13.Bxd5 Bxd5 14.Rxd5 Qb7 15.e4 Be7
16.Bg5 f6 17.Bf4 Nb6 18.Rad1 O-O 19.R5d2 Rad8 20.Rxd8 Rxd8 21.Rxd8+ Bxd8
22.e5 Qe7 23.Qd2 Bc7 24.exf6 gxf6 25.h3 Bxf4 26.Qxf4 Nc4 27.Qg4+ Kf7 28.Qh5+ Ke6
29.b3 Nb6 30.Nh4 c4 31.bxc4 Nxc4 32.Qf5+ Kd6 33.Nf3 Kc6 34.g3 Kb6 35.Kg2 Ka5
36.h4 Qe2 37.Qf4 Qxa2 38.Qc7+ Ka4 39.Qa7 a5 40.Qxh7 Ne3+ 41.Kg1 Ng4 42.Qe4+ Qc4
43.Nd4 Qc1+ 44.Kg2 Qh1+ 45.Kxh1 Nxf2+ 46.Kg2 Nxe4 47.Kf3 Nd6 48.h5 b4 49.Ke2 Ka3
50.Kd1 a4 51.Nc2+ Kb3 52.h6 Nf7 53.h7 a3 54.Kc1 a2 55.Nd4+ Kc4 56.Kb2 Kxd4
57.Kxa2 Kc3 58.Kb1 Kb3 59.g4 Nh8  0-1

[Event "Kilkenny op"]
[Site "Kilkenny"]
[Date "1996.??.??"]
[Round "2"]
[White "Baburin, Alexander"]
[Black "Ryan, Joseph"]
[Result "1-0"]
[WhiteElo "2545"]
[BlackElo "2265"]

1.d4 d5 2.c4 dxc4 3.Nf3 c5 4.e3 cxd4 5.Bxc4 Qc7 6.Qb3 e6 7.exd4 Nf6 8.Nc3 a6
9.Bg5 Be7 10.d5 exd5 11.Bxd5 O-O 12.O-O Nc6 13.Rfe1 Bf5 14.Rac1 Na5 15.Qa4 Nc6
16.Bxc6 bxc6 17.Nd4 Ng4 18.Nxf5 Qxh2+ 19.Kf1 Bxg5 20.Qxg4 Qh1+ 21.Ke2 Rae8+
22.Kf3 Rxe1 23.Qxg5 g6 24.Qh6  1-0

[Event "Koszalin op"]
[Site "Koszalin"]
[Date "1996.??.??"]
[Round "6"]
[White "Stern, Rene"]
[Black "Vaulin, Alexander"]
[Result "0-1"]
[WhiteElo "2445"]
[BlackElo "2480"]

1.d4 d5 2.c4 dxc4 3.Nf3 a6 4.e3 e6 5.Bxc4 c5 6.Qe2 b5 7.Bb3 Bb7 8.O-O Nf6
9.a4 Nbd7 10.Rd1 Qb8 11.e4 cxd4 12.Nxd4 Bd6 13.axb5 axb5 14.Rxa8 Bxa8 15.h3 O-O
16.Nxb5 Bh2+ 17.Kh1 Bxe4 18.N1c3 Ba8 19.Bg5 Bf4 20.Bxf4 Qxf4 21.Rd4 Qg5 22.f4 Qg3
23.Kg1 e5 24.fxe5 Nxe5 25.Bd5 Nxd5 26.Nxd5 Re8 27.Nbc7 Nf3+ 28.Qxf3 Re1+
29.Qf1 Bxd5 30.Nxd5 h5 31.Rd2 Kh7 32.Re2 Rxf1+ 33.Kxf1 Qd3 34.Nc3 g5 35.Ke1 g4
36.hxg4 hxg4 37.Rd2 Qg3+ 38.Kd1 f5 39.Kc2 Kg6 40.Kc1 Kg5 41.Kc2 Qf4 42.Kc1 Kh4
43.Kc2 Qc4 44.Kb1 f4 45.Kc2 Kg3 46.Kb1 Kh2 47.Kc2 Kg1 48.b3 Qc5 49.Kb2 Kf1
50.Kc2 g3 51.Kd3 Qe3+ 52.Kc2 f3 53.gxf3 g2 54.Rd1+ Qe1  0-1

[Event "Anibal op 3rd"]
[Site "Linares"]
[Date "1996.??.??"]
[Round "?"]
[White "Gallego, Victoriano"]
[Black "Barua, Dibyendu"]
[Result "0-1"]
[WhiteElo "2370"]
[BlackElo "2520"]

1.d4 d5 2.c4 dxc4 3.Nf3 a6 4.e3 Bg4 5.Bxc4 e6 6.h3 Bh5 7.Nc3 Nd7 8.O-O Ngf6
9.Be2 c5 10.d5 e5 11.Nd2 Bxe2 12.Qxe2 b5 13.a4 b4 14.Nce4 Nxe4 15.Nxe4 f5
16.Nd2 g6 17.Nc4 Qe7 18.e4 f4 19.g3 Bg7 20.gxf4 O-O 21.fxe5 Nxe5 22.Nxe5 Qxe5
23.f3 c4 24.Rb1 Rac8 25.Be3 c3 26.bxc3 Rxc3 27.Kg2 b3 28.Rf2 Rc2 29.Qd3 Qh5
30.f4 Rc3 31.Qe2 Qh4 32.e5 Bxe5 33.fxe5 Qe4+ 34.Kh2 Rxf2+ 35.Qxf2 Rxe3 36.Rb2 Qxe5+  0-1

[Event "Anibal op 3rd"]
[Site "Linares"]
[Date "1996.??.??"]
[Round "?"]
[White "Romanishin, Oleg M"]
[Black "Baburin, Alexander"]
[Result "1-0"]
[WhiteElo "2590"]
[BlackElo "2505"]

1.d4 d5 2.c4 dxc4 3.Nf3 a6 4.e3 c5 5.Bxc4 e6 6.O-O Nf6 7.Bb3 Nbd7 8.e4 Nxe4
9.Re1 Ndf6 10.Bc2 Qd5 11.Qe2 Nd6 12.Nc3 Qc6 13.Bf4 cxd4 14.Nxd4 Qc5 15.Rad1 Bd7
16.Bb3 Qh5 17.Nf3 Nf5 18.Rxd7 Nxd7 19.Bxe6 fxe6 20.Qxe6+ Be7 21.Nd4 Nc5 22.Qxf5 Qxf5
23.Nxf5 Kf7 24.Rxe7+ Kf6 25.g4 Rad8  1-0

[Event "SVK-ch"]
[Site "Martin"]
[Date "1996.??.??"]
[Round "1"]
[White "Kovacs, Janos"]
[Black "Maros, Milan"]
[Result "1/2-1/2"]
[WhiteElo "2250"]
[BlackElo "2245"]

1.d4 d5 2.c4 dxc4 3.Nf3 c5 4.d5 Nf6 5.Nc3 e6 6.e4 exd5 7.exd5 Bd6 8.Bxc4 O-O
9.O-O Bg4 10.Bg5 Re8 11.Bb5 Nbd7 12.h3 Bh5 13.Bxf6 gxf6 14.Qa4 Re7 15.Ne4 Bxf3
16.Nxd6 Nb6 17.Qf4 Bh5 18.Qxf6 Bg6 19.Rad1 a6 20.Bc4 Rd7 21.Ne8 Qxe8 22.Qxb6 Qe7
23.d6 Qd8 24.Qxc5 Rc8 25.Qb4  1/2-1/2

[Event "Minsk op"]
[Site "Minsk"]
[Date "1996.??.??"]
[Round "4"]
[White "Lasinskas, Povilas"]
[Black "Skomorokhin, Roman"]
[Result "0-1"]
[WhiteElo "2150"]
[BlackElo "2450"]

1.d4 d5 2.c4 dxc4 3.Nf3 a6 4.e4 b5 5.a4 Bb7 6.b3 Bxe4 7.bxc4 bxc4 8.Ba3 Bd5
9.Be2 Nf6 10.O-O e6 11.Bxf8 Kxf8 12.Na3 g6 13.Nxc4 Kg7 14.Rc1 Nc6 15.Nce5 Nxe5
16.Nxe5 Qd6 17.Qc2 Rhc8 18.f4 Rab8 19.Qd3 Be4 20.Qc3 Nd5 21.Qc6 Rb6 22.Qxd6 Rxd6
23.Nc4 Rc6 24.g3 Nb4 25.Kf2 Rd8 26.Ke3 f5 27.Na3 Nd5+ 28.Kd2 Rb6 29.Bc4 Rb2+
30.Ke1 Nb4 31.Rf2 Rxf2 32.Kxf2 Rxd4 33.Ke3 Rd7 34.Be2 c6 35.Rc4 Nd5+ 36.Kf2 Rb7
37.Rxc6 Nxf4 38.Rc8 Nxe2 39.Kxe2 Rb2+ 40.Ke1 Rxh2  0-1

[Event "Moscow (Women)"]
[Site "Moscow"]
[Date "1996.??.??"]
[Round "?"]
[White "Zhurina, Elizaveta"]
[Black "Roschina, Tatiana"]
[Result "1/2-1/2"]
[WhiteElo "2220"]
[BlackElo "2315"]

1.d4 d5 2.Nf3 c5 3.c4 dxc4 4.d5 Nf6 5.Nc3 e6 6.e4 exd5 7.exd5 a6 8.a4 Bd6
9.Bxc4 O-O 10.O-O Bg4 11.h3 Bh5 12.Be2 Bc7 13.Bg5 Re8 14.Qd3 h6 15.Be3 Qd6
16.g3 g5 17.Nh2 Nbd7 18.Ng4 Nxg4 19.hxg4 Ne5 20.Qd1 Nxg4 21.Bxc5 Qxc5 22.Bxg4 Bg6
23.Kg2 Rad8 24.Bf3 Re5 25.Qb3 Bb6 26.Rac1 Qd6 27.a5 Bxa5 28.Qxb7 h5 29.Kg1 Bxc3
30.Rxc3 Be4 31.Bxe4 Rxe4 32.Rd1 Rb4 33.Qc6 Rxb2 34.Qxd6 Rxd6 35.Rc6 Rb6 36.Rxb6 Rxb6
37.d6 Rb8 38.Ra1 Ra8 39.d7 Rd8 40.Rxa6 Rxd7 41.Ra5 f6 42.Kg2 Kf7 43.Ra4 Ke6
44.Ra6+ Rd6 45.Ra8 g4 46.Ra4 Ke5 47.Ra5+ Rd5 48.Ra4 Kf5 49.Rf4+ Kg5 50.Ra4 Rf5
51.Ra8 Rb5 52.Ra4 Rf5 53.Ra8 Rf3 54.Rg8+ Kh6 55.Rh8+ Kg6 56.Rg8+ Kh7  1/2-1/2

[Event "Moscow IM1"]
[Site "Moscow"]
[Date "1996.??.??"]
[Round "?"]
[White "Kostic, Filip"]
[Black "Dvalishvili, Pavel S"]
[Result "0-1"]
[WhiteElo "2185"]
[BlackElo "2365"]

1.d4 d5 2.c4 dxc4 3.Nf3 a6 4.e3 e6 5.Bxc4 Nf6 6.O-O Be7 7.Nc3 b5 8.Bd3 Bb7
9.Qe2 Nbd7 10.e4 c5 11.Rd1 cxd4 12.Nxd4 Qb6 13.Be3 Bc5 14.Nc2 Ne5 15.Bxc5 Qxc5
16.a3 O-O 17.Rd2 Rad8 18.Rad1 Rd7 19.Ne1 Rfd8 20.Bb1 Rxd2 21.Rxd2 Rxd2 22.Qxd2 g6
23.Qd8+ Kg7 24.Nd3 Nxd3 25.Qxd3 Ng4 26.Qe2 Ne5 27.Ba2 Qd4 28.Kf1 h5 29.h4 Bc6
30.f3 Qd8 31.Qe1 a5 32.Ne2 b4 33.axb4 Bb5 34.bxa5 Kh7 35.Kg1 Nd3 36.Qd2 Qxh4
37.Nd4 Ba6 38.b4 Qf6 39.Qc3 Nf4 40.Kf2 Qh4+ 41.Kg1 Qg3 42.Qd2 Be2 43.Qxf4 Qxf4
44.Nxe2 Qd2 45.Bc4 Qxb4  0-1

[Event "RUS-Cup2"]
[Site "Moscow"]
[Date "1996.??.??"]
[Round "3"]
[White "Chekhov, Valery A"]
[Black "Zlochevskij, Alexander"]
[Result "1-0"]
[WhiteElo "2535"]
[BlackElo "2415"]

1.d4 d5 2.c4 dxc4 3.Nf3 c5 4.d5 e6 5.Nc3 exd5 6.Qxd5 Qxd5 7.Nxd5 Bd6 8.Nd2 Nc6
9.Nxc4 Bb8 10.e4 Nf6 11.Nxf6+ gxf6 12.Be3 b6 13.Be2 Be5 14.O-O-O Ke7 15.f4 Bd4
16.Bxd4 Nxd4 17.Bd3 Bb7 18.Rhe1 Rhg8 19.Rd2 Rg4 20.Rf2 Rd8 21.Ne3 Rgg8 22.Bc4 Rge8
23.Bd5 Bc8 24.f5 Kf8 25.Rd1 Bd7 26.b3 Bc6 27.Bxc6 Nxc6 28.Rxd8 Nxd8 29.Rf4 h5
30.Nd5 Kg7 31.Rh4 Nc6 32.Nf4 Kf8 33.Nxh5 Ke7 34.Nf4 Kd6 35.Nd5 Ke5 36.Kd2 Nb4
37.Nxb4 cxb4 38.Rg4 Rd8+ 39.Ke3 Rd1 40.h4 Re1+ 41.Kd3 b5 42.h5 Rh1 43.Rg7 Rxh5
44.Rxf7 Rg5 45.Re7+ Kf4 46.Rxa7 Rxg2 47.Ra6 Rg8 48.Kd4 Rf8 49.Re6 Ra8 50.Rxf6 Rd8+
51.Kc5 Kxe4 52.Kxb4  1-0

[Event "JUG-chT"]
[Site "Niksic"]
[Date "1996.??.??"]
[Round "?"]
[White "Sahovic, Dragutin"]
[Black "Bakic, Rados"]
[Result "1/2-1/2"]
[WhiteElo "2415"]
[BlackElo "2445"]

1.d4 d5 2.c4 dxc4 3.Nf3 c5 4.e3 cxd4 5.Bxc4 Qc7 6.Qb3 e6 7.Nxd4 a6 8.O-O Nf6
9.Bd2 Bd6 10.f4 O-O 11.Nc3 Bd7 12.Nce2 Nc6 13.Nxc6 Bxc6 14.Nd4 Ne4 15.Bb4 Ba4
16.Qa3 Bd7 17.Bxd6 Qxd6 18.Qxd6 Nxd6  1/2-1/2

[Event "JUG-ch op"]
[Site "Nis"]
[Date "1996.??.??"]
[Round "5"]
[White "Blagojevic, Dragisa"]
[Black "Marjanovic, Slavoljub"]
[Result "1/2-1/2"]
[WhiteElo "2450"]
[BlackElo "2445"]

1.d4 d5 2.Nf3 c5 3.c4 dxc4 4.e4 cxd4 5.Qxd4 Qxd4 6.Nxd4 Bd7 7.Bxc4 Nc6 8.Nxc6 Bxc6
9.f3 e6 10.Be3 Nf6 11.Nd2 a6 12.Kf2 Rc8 13.Rhc1 Bd6 14.Be2 b5 15.Nb3 Bxh2
16.Nc5 Be5 17.Rab1 O-O 18.Nxa6 h6 19.Nb4 Bd7 20.Nd3 Bb8 21.Nc5 Bc6 22.b3 Nh5
23.Rb2 Bg3+ 24.Kg1 Rfd8 25.Rbc2 Be8 26.Nd3 Rxc2 27.Rxc2 g5 28.Bb6 Ra8 29.Bf2 f5
30.Nc5 Kf7 31.Bd3 Kf6 32.exf5 exf5 33.Bxg3 Nxg3 34.Kf2 Nh1+ 35.Kg1  1/2-1/2

[Event "Nova Gorica"]
[Site "Nova Gorica"]
[Date "1996.??.??"]
[Round "4"]
[White "Sulava, Nenad"]
[Black "Zelcic, Robert"]
[Result "1-0"]
[WhiteElo "2480"]
[BlackElo "2495"]

1.Nf3 d5 2.d4 c5 3.c4 dxc4 4.d5 Nf6 5.Nc3 e6 6.e4 exd5 7.e5 Nfd7 8.Bg5 Be7
9.Bxe7 Qxe7 10.Nxd5 Qd8 11.Bxc4 Nc6 12.Qe2 Qa5+ 13.b4 Nxb4 14.O-O Nxd5 15.Bxd5 Nf8
16.Nd2 c4 17.Qf3 Be6 18.Bxe6 Nxe6 19.Nxc4 Qc7 20.Nd6+ Kf8 21.Rfc1 Qe7 22.Rab1 Rb8
23.Nf5 Qg5 24.h4  1-0

[Event "Nova Gorica"]
[Site "Nova Gorica"]
[Date "1996.??.??"]
[Round "7"]
[White "Stumberger, Tania"]
[Black "Djurkovic, Maks"]
[Result "0-1"]
[WhiteElo "2070"]
[BlackElo "2085"]

1.d4 d5 2.c4 dxc4 3.Nf3 c5 4.Nc3 a6 5.a4 Nc6 6.d5 Na5 7.e4 e6 8.Nd2 Nf6 9.Nxc4 exd5
10.exd5 Nxc4 11.Bxc4 Bd6 12.Qe2+ Qe7 13.Qxe7+ Bxe7 14.Bf4 O-O 15.a5 Re8 16.O-O Bf8
17.f3 Bf5 18.Rad1 h6 19.Rd2 g5 20.Bc7 Rac8 21.d6 Rxc7 22.dxc7 Rc8 23.Re1 Rxc7
24.Rd8 Kg7 25.Nd5 Nxd5 26.Bxd5 Be7 27.Rb8 Bf6 28.b3 Bc3 29.Rc1 Bd4+ 30.Kh1 Bc8
31.Rd1 Bc3 32.Rd4 Bxa5 33.Be4 f5 34.Bc2 b5 35.Rd8 Be6 36.Rd6 Bc8 37.g4 fxg4
38.fxg4 Bxg4 39.Rg6+ Kf7 40.Rxh6 Bd7 41.Rbh8 Bc3 42.R8h7+ Bg7 43.Be4 Kf8
44.Rxa6 c4 45.Ra8+ Rc8 46.Ra7 Rd8 47.bxc4 bxc4 48.Rc7 c3 49.Kg2 Kg8 50.h3 Kf8
51.Kf3 Kg8 52.Ke3 Kf8 53.Rb7 Kg8 54.Rc7 Kf8  0-1

[Event "RUS-Cup3"]
[Site "Omsk"]
[Date "1996.??.??"]
[Round "7"]
[White "Temirbaev, Serik"]
[Black "Vaulin, Alexander"]
[Result "1/2-1/2"]
[WhiteElo "2480"]
[BlackElo "2485"]

1.d4 d5 2.c4 dxc4 3.Nf3 a6 4.e3 e6 5.Bxc4 c5 6.O-O Nf6 7.Qe2 b5 8.Bb3 Bb7
9.a4 Nbd7 10.Rd1 Qb8 11.axb5 axb5 12.Rxa8 Bxa8 13.Nc3 b4 14.Nb1 Bd6 15.Nbd2 O-O
16.h3 cxd4 17.exd4 Bf4 18.Nf1 Bxc1 19.Rxc1 Rd8 20.N1d2 Nd5 21.g3 h6 22.Bd1 Ne7
23.Qa6 Nf6 24.Be2 Nf5 25.g4 Ne7 26.Qb5 Qxb5 27.Bxb5 Ne4 28.Nb3 Nd5 29.Bf1 Nf4
30.Ne5 Bd5 31.Na5 Ng5 32.Kh2 Ngxh3 33.Bxh3 Ra8 34.Nac6 Ra2 35.Nxb4 Rxb2 36.Nbd3 Nxd3
37.Nxd3 Rd2 38.Rc3 Be4 39.Nc5 Bd5 40.Nd3 Be4 41.Nc5 Rxd4 42.Nxe4 Rxe4 43.Kg3 g6
44.Bf1 Ra4 45.f3 Ra5  1/2-1/2

[Event "ESP-chT"]
[Site "Oropesa del Mar"]
[Date "1996.??.??"]
[Round "4"]
[White "Karpov, Anatoly"]
[Black "Gulko, Boris F"]
[Result "1-0"]
[WhiteElo "2775"]
[BlackElo "2615"]

1.d4 d5 2.c4 dxc4 3.Nf3 a6 4.e3 e6 5.Bxc4 c5 6.O-O Nf6 7.Bb3 Nc6 8.Nc3 Be7
9.dxc5 Qxd1 10.Rxd1 Bxc5 11.Bd2 Bd7 12.Rac1 Ba7 13.Be1 Ke7 14.Na4 b6 15.Rxd7+ Kxd7
16.Nxb6+ Bxb6 17.Ba4 Kc8 18.Ne5 Kb8 19.Nxc6+ Kb7 20.Ne5 Rac8 21.Bc6+ Ka7
22.Nxf7 Rhf8 23.Ne5 Nd5 24.Rd1 Rfd8 25.Ba4 Ne7 26.Nd7 Nd5 27.Kf1 Bxe3 28.Rxd5 exd5
29.fxe3 Rc4 30.b4 Re4 31.Bc3 a5 32.a3 axb4 33.axb4 Re7 34.Ne5 Rf8+ 35.Ke2 Kb7
36.Bc6+ Kc7 37.b5 Rf5 38.Nf3 Re4 39.h3 Ra4 40.g4 Ra2+ 41.Nd2 d4 42.Bxd4  1-0

[Event "Komercni Banka op"]
[Site "Pardubice"]
[Date "1996.??.??"]
[Round "4"]
[White "Lobach, Pavel V"]
[Black "Hetey, Laszlo"]
[Result "1/2-1/2"]
[WhiteElo "2275"]
[BlackElo "2410"]

1.d4 d5 2.c4 dxc4 3.Nf3 c5 4.e4 cxd4 5.Nxd4 e5 6.Nb5 a6 7.Qxd8+ Kxd8 8.N5c3 Be6
9.Nd5 Nd7 10.Bxc4 Ngf6 11.Nbc3 b5 12.Nxf6 Bxc4 13.Nxd7 Kxd7 14.Be3 Rc8 15.O-O-O+ Ke6
16.Kb1 g6 17.Nd5 Bc5 18.Bxc5 Rxc5 19.Ne3 f5 20.b3 Be2 21.Rd2 Bh5 22.f3 f4
23.Nd5 g5 24.h3 Rhc8 25.Rhd1 Be8 26.Nb6 R8c6 27.Nd7 Bxd7 28.Rxd7 Rc1+ 29.Rxc1 Kxd7
30.Rxc6 Kxc6 31.b4 h5 32.Kc2 Kd6 33.Kd2 Ke6 34.Ke2 Kf6 35.Kf2 Kg6 36.Ke2 Kf6
37.Kf2  1/2-1/2

[Event "Komercni Banka op"]
[Site "Pardubice"]
[Date "1996.??.??"]
[Round "7"]
[White "Surjadnji, Aleksej"]
[Black "Velicka, Petr"]
[Result "1/2-1/2"]
[WhiteElo "2285"]
[BlackElo "2430"]

1.d4 d5 2.Nf3 c5 3.c4 dxc4 4.e4 cxd4 5.Qxd4 Qxd4 6.Nxd4 a6 7.Bxc4 e5 8.Nf3 Bb4+
9.Bd2 Bxd2+ 10.Nbxd2 Nc6 11.Bd5 Nb4 12.O-O Nxd5 13.exd5 f6 14.Rac1 Ne7 15.d6 Nc6
16.Ne4 Bd7 17.Nc5 b6 18.Na4 Rb8 19.Rfd1 Kf7 20.h3 Rhc8 21.Nc3 Nd8 22.Nd5 Rxc1
23.Rxc1 Ke6 24.Nc7+ Kxd6 25.Nxa6 Rc8 26.Rd1+ Ke7 27.Nb4 Be6 28.a3 Rc5 29.Nd2 f5
30.Nf3 Nf7 31.g3 g5 32.Kf1 Bb3 33.Rd2 h6 34.Kg2 Be6 35.Ne1 e4 36.f4 Nd6 37.Rc2 Rxc2+
38.Nbxc2 Nc4 39.b3 Nb2 40.b4 Nd1 41.Nd4 Bd7 42.Nec2 Kd6 43.Kf1 Kd5 44.Ke2 Nc3+
45.Kd2 Nb1+ 46.Ke3 Kc4 47.b5 gxf4+ 48.Kxf4 Nxa3 49.g4 fxg4 50.hxg4 Nxc2 51.Nxc2 Kxb5
52.Ne3 Ka4 53.Nc4 Kb5 54.Nd6+ Kc6 55.Nxe4 b5 56.g5 h5 57.g6 Be8 58.g7 Bf7
59.Nc3 b4 60.Na4 Kd6 61.Kg5 Ke7 62.Nc5 Ke8 63.Nd3 b3 64.Nb2 Ke7 65.Na4  1/2-1/2

[Event "St Petersburg-Paris"]
[Site "Paris"]
[Date "1996.??.??"]
[Round "7"]
[White "Renet, Olivier"]
[Black "Lugovoi, Aleksei"]
[Result "0-1"]
[WhiteElo "2500"]
[BlackElo "2470"]

1.d4 d5 2.c4 dxc4 3.Nf3 c5 4.e3 cxd4 5.exd4 Be6 6.Nc3 Nf6 7.Be2 Nc6 8.O-O g6
9.Be3 Bg7 10.Ng5 Bd5 11.Nxd5 Nxd5 12.Bxc4 O-O 13.Qf3 e6 14.Qh3 Nf6 15.Rad1 Ne7
16.Nxf7 Rxf7 17.Bxe6 Nf5 18.d5 Ne4 19.Rfe1 Qf6 20.Bf4 Nfd6 21.Qe3 g5 22.Bxd6 Nxd6
23.Bxf7+ Nxf7 24.d6 Nxd6 25.Qb3+ Nf7 26.Rd7 Rc8 27.Rxb7 Bf8 28.Rb8 Qe5  0-1

[Event "Parnu-B"]
[Site "Parnu"]
[Date "1996.??.??"]
[Round "3"]
[White "Veingold, Aleksandr"]
[Black "Gyimesi, Zoltan"]
[Result "1-0"]
[WhiteElo "2425"]
[BlackElo "2545"]

1.d4 d5 2.Nf3 c5 3.c4 dxc4 4.Nc3 e6 5.e4 cxd4 6.Nxd4 a6 7.Bxc4 b5 8.Bb3 Bb7
9.O-O b4 10.Ba4+ Nd7 11.Qb3 Nf6 12.Bg5 Qb6 13.Bxf6 gxf6 14.Bxd7+ Kxd7 15.Rfd1 Bd6
16.Na4 Qa5 17.Nf5 Bd5 18.exd5 exf5 19.Qc2 f4 20.Qc6+ Ke7 21.Re1+ Be5 22.Qb7+ Kd6
23.Nb6 Qb5 24.Rac1  1-0